000 00567nam a2200193Ia 4500
005 20250508155021.0
008 008 250505s9999 xx 000 0 eng d
037 _aTextBook
040 _aFEDL
_beng
_cFEDL
041 _aeng
_2eng
084 _a370.15, CAR
_qFEDL
100 _aCarpenter Finley
245 0 _aSystematic application of psychology to education
260 _aNew York, USA
_bThe Macmillan Company
_c1964
300 _axviii,270p.
650 _aEdcuation-Psychology
_9756182
942 _cTB
_h370.15, CAR
999 _c1353426
_d1353426